Acción inmediata : (Registro nro. 48809)
[ vista simple ]
| 000 -CABECERA | |
|---|---|
| campo de control de longitud fija | 00873nam a2200265 a 4500 |
| 001 - NÚMERO DE CONTROL | |
| campo de control | |
| 003 - IDENTIFICADOR DEL NÚMERO DE CONTROL | |
| campo de control | OSt |
| 005 - FECHA Y HORA DE LA ÚLTIMA TRANSACCIÓN | |
| campo de control | 20220711132054.0 |
| 008 - DATOS DE LONGITUD FIJA--INFORMACIÓN GENERAL | |
| campo de control de longitud fija | 110127s1986 dr a 000 0 spa d |
| 040 ## - FUENTE DE LA CATALOGACIÓN | |
| Centro catalogador/agencia de origen | DO-SdBNP |
| Lengua de catalogación | spa |
| Centro/agencia transcriptor | DO-SdBNP |
| 049 ## - FONDOS LOCALES (OCLC) | |
| Fondos de biblioteca | |
| 082 ## - NÚMERO DE LA CLASIFICACIÓN DECIMAL DEWEY | |
| Número de clasificación | 330.7293 |
| Número de documento/Ítem | A171i |
| 245 00 - MENCIÓN DE TÍTULO | |
| Título | Acción inmediata : |
| Resto del título | los problemas nacionales y sus posibles soluciones / |
| Mención de responsabilidad, etc. | Editores Juan Antonio Elmudesi Zouain, Víctor A. Mármol |
| 260 ## - PUBLICACIÓN, DISTRIBUCIÓN, ETC. | |
| Lugar de publicación, distribución, etc. | Santo Domingo : |
| Nombre del editor, distribuidor, etc. | Payano, |
| Fecha de publicación, distribución, etc. | 1986 |
| 300 ## - DESCRIPCIÓN FÍSICA | |
| Extensión | 247 p. : |
| Dimensiones | 23 cm. |
| 490 ## - MENCIÓN DE SERIE | |
| Mención de serie | |
| Designación de volumen o secuencia | |
| 590 ## - NOTA LOCAL (RLIN) | |
| Nota local | Inventariado, 2020/VM |
| 651 #7 - PUNTO DE ACCESO ADICIONAL DE MATERIA--NOMBRE GEOGRÁFICO | |
| Nombre geográfico | República Dominicana |
| Subdivisión general | Condiciones económicas |
| 9 (RLIN) | 281 |
| 651 #7 - PUNTO DE ACCESO ADICIONAL DE MATERIA--NOMBRE GEOGRÁFICO | |
| Nombre geográfico | República Dominicana |
| Subdivisión general | Política económica |
| 9 (RLIN) | 643 |
| 700 1# - PUNTO DE ACCESO ADICIONAL--NOMBRE DE PERSONA | |
| Nombre de persona | Elmudesi Zouaín, Juan Antonio |
| 9 (RLIN) | 50025 |
| Término indicativo de función/relación | ed. |
| 700 1# - PUNTO DE ACCESO ADICIONAL--NOMBRE DE PERSONA | |
| Nombre de persona | Marmol, Víctor A. |
| Término indicativo de función/relación | ed. |
| 9 (RLIN) | 76733 |
| 830 #0 - PUNTO DE ACCESO ADICIONAL DE SERIE-TÍTULO UNIFORME | |
| Título uniforme | |
| Número de parte o sección de la obra | |
| 9 (RLIN) | 50026 |
| 942 ## - ELEMENTOS DE PUNTO DE ACCESO ADICIONAL (KOHA) | |
| Fuente del sistema de clasificación o colocación | Dewey Decimal Classification |
| Tipo de ítem Koha | Libros y folletos |
| 956 ## - LOCALIZACIÓN Y ACCESO ELECTRÓNICOS LOCAL (OCLC) | |
| Nombre del host | VMateo |
| Estado de retiro | Estado de pérdida | Fuente del sistema de clasificación o colocación | Restricciones de uso | No para préstamo | Código de colección | Localización permanente | Ubicación/localización actual | Ubicación en estantería | Fecha de adquisición | Fuente de adquisición | Total de préstamos | Signatura topográfica completa | Código de barras | Fecha visto por última vez | Precio válido a partir de | Tipo de ítem Koha | Número de copia |
|---|---|---|---|---|---|---|---|---|---|---|---|---|---|---|---|---|---|
| Dewey Decimal Classification | Excluido de préstamo | Raros y valiosos | Biblioteca Nacional Pedro Henríquez Ureña | Patrimonio Dominicano | En catalogación | 02.10.2020 | Copardom | 2020-0114 | 02.10.2020 | 02.10.2020 | Libros y folletos | ||||||
| Dewey Decimal Classification | Excluido de préstamo | Patrimonio Dominicano | Biblioteca Nacional Pedro Henríquez Ureña | Patrimonio Dominicano | En catalogación | 02.10.2020 | Copardom | xx xx | 2020-0115 | 07.10.2020 | 02.10.2020 | Libro y Folleto Colección Patrimonio Dominicano | e.2 |
